| 000 | 00709nam a2200205Ia 4500 | ||
|---|---|---|---|
| 003 | GCL | ||
| 008 | 140319s9999 xx 000 0 ara d | ||
| 040 |
_aGCL / _cGCL |
||
| 082 | 0 | 4 |
_a811.1 _bع د |
| 100 | 1 | _aيوسف عيد | |
| 245 | 1 | 0 |
_aديوان عنترة بن شداد / _cيوسف عيد |
| 700 | 1 | _aعنترة العبسى، عنترة بن شداد بن عمرو، - 600م | |
| 260 |
_aبيروت : _bدار الجيل ، _c1992 |
||
| 300 |
_a272 ص ؛ _c24 سم |
||
| 650 | 0 | 4 | _aالشعر العربى |
| 650 | 0 | 4 | _aالادب العربى |
| 650 | 0 | 4 | _aدواوين وقصائد |
| 650 | 0 | 4 | _aالشعر العربى - تاريخ ونقد - العصر الجاهلى |
| 942 |
_2ddc _cBK |
||
| 999 |
_c54650 _d54650 |
||